000 00372nam a2200157Ia 4500
003 Ost
005 20260225132557.0
008 260225s9999||||xx |||||||||||||| ||und||
040 _cfsic
041 _afre
082 _a440
100 _aBERNARD
_eAuteur
245 0 _aimages et sémiotiqueMsémiotique pragmatique et cognitive /
245 0 _cBERNARD
942 _cكتاب
999 _c34549
_d34549